000 00896cam a2200241 4500
001 ca 28000973
003 DLC
005 20260227111120.0
008 070627s1926 be 000 0 fre
010 _aca 28000973
040 _aDLC
_cDLC
_dDLC
050 0 0 _aD287
_b.S4
100 1 _aSée, Henri,
_d1864-1936.
245 1 2 _aL'envers de la diplomatie officielle de 1715-1730;
_bla rivalité commerciale des puissances maritimes et les doléances des négociantes français.
260 _aBruxelles?
_c1926?
300 _acover-title, p. [471]-491.
_c22 cm.
500 _aAt head of title: H. Sée et L. Vignols.
500 _a"Extrait de la Revue belge de philologie et d'histoire. t. v, fasc. 2-3."
651 0 _aEurope
_xPolitics and government
_y18th century.
651 0 _aFrance
_xCommerce
_xHistory.
651 0 _aEurope
_xCommerce
_xHistory.
700 1 _aVignols, Léon,
_ejoint author.
999 _c16450
_d16450